Einstein (Record no. 112100)
[ view plain ]
| 000 -LEADER | |
|---|---|
| fixed length control field | 00584nam a2200205Ia 4500 |
| 003 - CONTROL NUMBER IDENTIFIER | |
| control field | OSt |
| 005 - DATE AND TIME OF LATEST TRANSACTION | |
| control field | 20240430103801.0 |
| 008 - FIXED-LENGTH DATA ELEMENTS--GENERAL INFORMATION | |
| fixed length control field | 210210b1978 xxu||||| |||| 00| 0 eng d |
| 040 ## - CATALOGING SOURCE | |
| Transcribing agency | AL |
| 041 ## - LANGUAGE CODE | |
| Language code of text/sound track or separate title | Kannda |
| 082 ## - DEWEY DECIMAL CLASSIFICATION NUMBER | |
| Classification number | 530.092K SHRA |
| 100 ## - MAIN ENTRY--PERSONAL NAME | |
| Personal name | SHRIRANGARAJ (H V). |
| 9 (RLIN) | 136956 |
| Dates associated with a name | ಶ್ರಿರಂಗರಾಜ್ (ಎಚ್ ವಿ) |
| 245 ## - TITLE STATEMENT | |
| Title | Einstein |
| Remainder of title | ಐನ್ಸ್ಟೈನ್ |
| 260 ## - PUBLICATION, DISTRIBUTION, ETC. | |
| Place of publication, distribution, etc. | Bangalore |
| Name of publisher, distributor, etc. | Board of Pre-university Education |
| Date of publication, distribution, etc. | 1978 |
| 300 ## - PHYSICAL DESCRIPTION | |
| Extent | 123 |
| 650 ## - SUBJECT ADDED ENTRY--TOPICAL TERM | |
| Topical term or geographic name entry element | Einstein |
| 9 (RLIN) | 136957 |
| 690 ## - LOCAL SUBJECT ADDED ENTRY--TOPICAL TERM (OCLC, RLIN) | |
| Topical term or geographic name as entry element | Biography |
| 9 (RLIN) | 136958 |
| 906 ## - LOCAL DATA ELEMENT F, LDF (RLIN) | |
| a | SG01053 |
| 942 ## - ADDED ENTRY ELEMENTS (KOHA) | |
| Source of classification or shelving scheme | Dewey Decimal Classification |
| Koha item type | Book |
| Withdrawn status | Lost status | Source of classification or shelving scheme | Damaged status | Not for loan | Collection code | Home library | Current library | Date acquired | Cost, normal purchase price | Total Checkouts | Full call number | Barcode | Date last seen | Price effective from | Koha item type |
|---|---|---|---|---|---|---|---|---|---|---|---|---|---|---|---|
| Dewey Decimal Classification | Physics | St Aloysius Library | St Aloysius Library | 02/17/2021 | 0.00 | 530.092K SHRA | SG01053 | 02/17/2021 | 02/17/2021 | Special Grants | |||||
| Dewey Decimal Classification | Physics | St Aloysius Library | St Aloysius Library | 02/17/2021 | 0.00 | 530.092K SHRA | SG01054 | 02/17/2021 | 02/17/2021 | Special Grants | |||||
| Dewey Decimal Classification | Physics | St Aloysius Library | St Aloysius Library | 02/17/2021 | 0.00 | 530.092K SHRA | SG01052 | 02/17/2021 | 02/17/2021 | Special Grants |